[Event "Brasil op"]
[Site "Brasilia"]
[Date "2002.??.??"]
[Round "4"]
[White "Miranda, Alexandre Pinto"]
[Black "Trindade, Sandro Heleno"]
[Result "0-1"]
[WhiteElo "1996"]
[BlackElo "2336"]
[PlyCount "76"]
[EventDate "2002.01.17"]
[EventType "swiss"]
[EventRounds "6"]
[EventCountry "BRA"]
[SourceTitle "CBM 086 Extra"]
[Source "ChessBase"]
[SourceDate "2002.03.14"]
[SourceVersion "1"]
[SourceVersionDate "2002.03.14"]
[SourceQuality "1"]

1. e4 c5 2. Nf3 d6 3. d4 cxd4 4. Qxd4 Nc6 5. Bb5 Bd7 6. Bxc6 bxc6 7. c4 e5 8. Qd3 Qe7 9. Nc3 f6 10. Be3 Be6 11. 0-0 g6 12. c5 dxc5 13. Qa6 Qc7 14. Na4 c4 15. Nc5 Bf7 16. Qa4 Bxc5 17. Bxc5 Qb7 18. Rfd1 Qb5 19. Qxb5 cxb5 20. Rd6 a5 21. a3 Rc8 22. Bb6 Ne7 23. Rxf6 Nc6 24. Rd1 b4 25. axb4 axb4 26. Rdd6 Nb8 27. Nxe5 0-0 28. Bd4 Be8 29. Ng4 Rxf6 30. Rxf6 h5 31. Nh6+ Kh7 32. Rf8 g5 33. Ng8 Nc6 34. Nf6+ Kg6 35. Rxe8 Rxe8 36. Nxe8 Nxd4 37. Nd6 c3 38. bxc3 bxc3 0-1

[Event "Brasil op"]
[Site "Brasilia"]
[Date "2002.??.??"]
[Round "2"]
[White "Silva, Carlos Alessandro"]
[Black "Trindade, Sandro Heleno"]
[Result "1-0"]
[WhiteElo "2103"]
[BlackElo "2336"]
[PlyCount "45"]
[EventDate "2002.01.17"]
[EventType "swiss"]
[EventRounds "6"]
[EventCountry "BRA"]
[SourceTitle "CBM 086 Extra"]
[Source "ChessBase"]
[SourceDate "2002.03.14"]
[SourceVersion "1"]
[SourceVersionDate "2002.03.14"]
[SourceQuality "1"]

1. Nf3 Nf6 2. c4 e6 3. g3 b6 4. Bg2 Bb7 5. 0-0 c5 6. Nc3 Be7 7. d4 cxd4 8. Qxd4 0-0 9. Bg5 h6 10. Bxf6 Bxf6 11. Qd3 Na6 12. Rfd1 Rc8 13. Rac1 d5 14. cxd5 Nb4 15. Qb1 exd5 16. Nd4 Rc4 17. Nf5 Bc8 18. Ne3 Rd4 19. Ncxd5 Nxd5 20. Nxd5 Bg4 21. Nxf6+ Qxf6 22. Rxd4 Qxd4 23. e3 1-0

[Event "Brasil op"]
[Site "Brasilia"]
[Date "2002.??.??"]
[Round "3"]
[White "Trindade, Sandro Heleno"]
[Black "Soares, Paulo Henrique Dos"]
[Result "1-0"]
[WhiteElo "2336"]
[BlackElo "1865"]
[PlyCount "39"]
[EventDate "2002.01.17"]
[EventType "swiss"]
[EventRounds "6"]
[EventCountry "BRA"]
[SourceTitle "CBM 086 Extra"]
[Source "ChessBase"]
[SourceDate "2002.03.14"]
[SourceVersion "1"]
[SourceVersionDate "2002.03.14"]
[SourceQuality "1"]

1. e4 c5 2. Nf3 d6 3. d4 cxd4 4. Nxd4 Nf6 5. Nc3 a6 6. g3 e5 7. Nde2 Be6 8. Bg2 Be7 9. h3 Nbd7 10. a4 0-0 11. 0-0 Rc8 12. b3 b6 13. f4 exf4 14. gxf4 Nc5 15. f5 Bd7 16. b4 Nb7 17. e5 Rxc3 18. Nxc3 Qc7 19. exf6 Bxf6 20. Nd5 1-0

[Event "Brazilian City Cup 2nd"]
[Site "Brasilia"]
[Date "1998.05.27"]
[Round "8"]
[White "Borges, Leomar Barbero"]
[Black "Trindade, Sandro Heleno"]
[Result "1-0"]
[WhiteElo "2215"]
[BlackElo "2365"]
[PlyCount "77"]
[EventDate "1998.05.22"]
[EventType "tourn"]
[EventRounds "11"]
[EventCountry "BRA"]
[SourceTitle "CBM 065 Extra"]
[Source "ChessBase"]
[SourceDate "1998.09.09"]
[SourceVersion "1"]
[SourceVersionDate "1998.09.09"]
[SourceQuality "1"]

1. Nf3 c5 2. b3 Nc6 3. Bb2 d6 4. d4 cxd4 5. Nxd4 Bd7 6. e3 a6 7. Be2 Nf6 8. 0-0 e6 9. c4 d5 10. cxd5 exd5 11. Nc3 Bd6 12. Bf3 Be6 13. Rc1 0-0 14. Nxc6 bxc6 15. Na4 Bd7 16. Nc5 Bf5 17. Nb7 Qc7 18. Nxd6 Qxd6 19. Qd4 Rfc8 20. Rc5 Qe7 21. Rfc1 Bd7 22. b4 Re8 23. h3 Qf8 24. Ra5 Ne4 25. Be2 Ng5 26. a3 Ne6 27. Qd2 Qd6 28. Bxa6 Ng5 29. Qc3 Qh6 30. Bf1 Rad8 31. Ra7 Re6 32. Bd3 Rf6 33. Qc2 Nxh3+ 34. gxh3 Qg5+ 35. Kh2 Rf3 36. Rxd7 Rxd7 37. Rg1 Qh4 38. Rxg7+ Kf8 39. Rg3 1-0

[Event "Brazilian City Cup 2nd"]
[Site "Brasilia"]
[Date "1998.05.23"]
[Round "2"]
[White "Valle, Adriano"]
[Black "Trindade, Sandro Heleno"]
[Result "1/2-1/2"]
[WhiteElo "2210"]
[BlackElo "2365"]
[PlyCount "43"]
[EventDate "1998.05.22"]
[EventType "tourn"]
[EventRounds "11"]
[EventCountry "BRA"]
[SourceTitle "CBM 065 Extra"]
[Source "ChessBase"]
[SourceDate "1998.09.09"]
[SourceVersion "1"]
[SourceVersionDate "1998.09.09"]
[SourceQuality "1"]

1. Nf3 Nf6 2. d4 e6 3. c4 b6 4. g3 Ba6 5. b3 Bb4+ 6. Bd2 Be7 7. Bg2 0-0 8. 0-0 c6 9. Bc3 d5 10. Ne5 Nfd7 11. Nxd7 Nxd7 12. Nd2 Rc8 13. e4 dxc4 14. bxc4 b5 15. Re1 bxc4 16. Qa4 Bb5 17. Qc2 e5 18. a4 Ba6 19. Bf1 Bf6 20. dxe5 Nxe5 21. Bxe5 Bxe5 22. Rad1 1/2-1/2

[Event "Brasilia op"]
[Site "Brasilia"]
[Date "1998.??.??"]
[Round "5"]
[White "Sunye Neto, Jaime"]
[Black "Trindade, Sandro Heleno"]
[Result "1-0"]
[WhiteElo "2515"]
[BlackElo "2365"]
[PlyCount "61"]
[EventDate "1998.??.??"]
[EventType "swiss"]
[EventRounds "7"]
[EventCountry "BRA"]
[SourceTitle "EXT 1999"]
[Source "ChessBase"]
[SourceDate "1998.11.16"]
[SourceVersion "1"]
[SourceVersionDate "1998.11.16"]
[SourceQuality "1"]

1. c4 e5 2. Nc3 Nc6 3. g3 g6 4. Bg2 Bg7 5. Rb1 d6 6. b4 a6 7. d3 f5 8. e4 Nh6 9. Nd5 0-0 10. Nf3 f4 11. gxf4 Bg4 12. h3 Bh5 13. Be3 exf4 14. Nxf4 Rxf4 15. Bxf4 Nd4 16. Be3 Qf8 17. Nxd4 Bxd1 18. Rxd1 Re8 19. 0-0 g5 20. f4 Bxd4 21. Bxd4 gxf4 22. Be3 Qg7 23. Rxf4 Kh8 24. Rdf1 Rg8 25. R1f2 Qa1+ 26. Kh2 Rg6 27. d4 Qc3 28. R4f3 Qxc4 29. d5 c6 30. Bd2 Kg8 31. Bf1 1-0

[Event "Brasilia op"]
[Site "Brasilia"]
[Date "1998.??.??"]
[Round "4"]
[White "Trindade, Sandro Heleno"]
[Black "Souza, Ivan Boere"]
[Result "1-0"]
[WhiteElo "2365"]
[BlackElo "2325"]
[PlyCount "93"]
[EventDate "1998.??.??"]
[EventType "swiss"]
[EventRounds "7"]
[EventCountry "BRA"]
[SourceTitle "EXT 1999"]
[Source "ChessBase"]
[SourceDate "1998.11.16"]
[SourceVersion "1"]
[SourceVersionDate "1998.11.16"]
[SourceQuality "1"]

1. e4 g6 2. d4 Bg7 3. Nc3 d6 4. Be3 Nf6 5. f3 0-0 6. Qd2 e5 7. Nge2 exd4 8. Nxd4 Nc6 9. 0-0-0 Nxd4 10. Bxd4 Be6 11. g4 c5 12. Be3 Qa5 13. Qxd6 Nxg4 14. Qxc5 Qxc5 15. Bxc5 Rfc8 16. Bd4 Bh6+ 17. Kb1 Ne3 18. Bxe3 Bxe3 19. Nd5 Bc5 20. Nf4 Rd8 21. Bb5 Kg7 22. Nd3 Bd6 23. e5 Be7 24. Nf4 Bg5 25. Nxe6+ fxe6 26. Bd7 Bf4 27. Rhe1 Bxh2 28. c4 Bg3 29. Re4 h5 30. f4 h4 31. Rd3 Kf7 32. Red4 Rh8 33. Rd6 Bxf4 34. Rxe6 g5 35. Rf6+ Kg7 36. Bf5 Rad8 37. Rg6+ Kf7 38. e6+ Ke7 39. Rg7+ Kf6 40. Rf7+ Ke5 41. Rxd8 Rxd8 42. e7 Re8 43. Bd7 Rb8 44. Rf8 Kd6 45. Rxb8 Kxe7 46. Rxb7 Kf6 47. Rb5 1-0

[Event "Brasilia"]
[Site "Brasilia"]
[Date "1997.07.23"]
[Round "8"]
[White "Silveira, Flavio Marques"]
[Black "Trindade, Sandro Heleno"]
[Result "0-1"]
[WhiteElo "2385"]
[BlackElo "2345"]
[PlyCount "58"]
[EventDate "1997.??.??"]
[EventType "tourn"]
[EventRounds "14"]
[EventCountry "BRA"]
[SourceTitle "EXT 1999"]
[Source "ChessBase"]
[SourceDate "1998.11.16"]
[SourceVersion "1"]
[SourceVersionDate "1998.11.16"]
[SourceQuality "1"]

1. d4 d5 2. Nf3 e6 3. Bf4 Nf6 4. e3 c5 5. c3 Nc6 6. Bd3 Bd6 7. Bxd6 Qxd6 8. Nbd2 a6 9. a4 0-0 10. 0-0 e5 11. dxe5 Nxe5 12. Nxe5 Qxe5 13. Nf3 Qh5 14. a5 Bd7 15. Be2 Qf5 16. Qb3 Bc6 17. Rfd1 Rfe8 18. Qa3 Ne4 19. b4 g5 20. Bd3 g4 21. Bxe4 Rxe4 22. Ne1 Re6 23. bxc5 Bb5 24. Qb4 Rxe3 25. Nc2 Re2 26. Ne3 Qxf2+ 27. Kh1 Rxe3 28. Qxg4+ Kh8 29. Qd4+ f6 0-1

[Event "Brasilia"]
[Site "Brasilia"]
[Date "1997.07.20"]
[Round "5"]
[White "Trindade, Sandro Heleno"]
[Black "Valle, Adriano"]
[Result "1-0"]
[WhiteElo "2345"]
[BlackElo "2225"]
[PlyCount "61"]
[EventDate "1997.??.??"]
[EventType "tourn"]
[EventRounds "14"]
[EventCountry "BRA"]
[SourceTitle "EXT 1999"]
[Source "ChessBase"]
[SourceDate "1998.11.16"]
[SourceVersion "1"]
[SourceVersionDate "1998.11.16"]
[SourceQuality "1"]

1. e4 e6 2. Qe2 c5 3. g3 Nc6 4. Nf3 g6 5. Bg2 Bg7 6. 0-0 Nge7 7. Na3 0-0 8. c3 b6 9. d4 cxd4 10. cxd4 Nxd4 11. Nxd4 Bxd4 12. e5 Nd5 13. Rd1 Bc5 14. Rxd5 exd5 15. Bxd5 Rb8 16. Qf3 d6 17. Bh6 Be6 18. Rd1 Bxd5 19. Rxd5 Qe7 20. exd6 Bxd6 21. Nc4 Rfd8 22. Bg5 Qc7 23. Nxd6 Rxd6 24. Bf4 Rbd8 25. Qa3 Qc2 26. Rxd6 Rxd6 27. Qxd6 Qb1+ 28. Kg2 Qe4+ 29. Kh3 h5 30. Qb8+ Kh7 31. Qe5 1-0

[Event "Sao Paulo zt"]
[Site "Sao Paulo"]
[Date "1993.??.??"]
[Round "7"]
[White "Silva Lillo, Sebastian"]
[Black "Trindade, Sandro Heleno"]
[Result "1-0"]
[WhiteElo "2350"]
[BlackElo "2315"]
[PlyCount "139"]
[EventDate "1993.??.??"]
[EventType "swiss"]
[EventRounds "9"]
[EventCountry "BRA"]
[SourceTitle "CBM 036"]
[Source "ChessBase"]
[SourceDate "1993.10.01"]
[SourceVersion "1"]
[SourceVersionDate "1993.10.01"]
[SourceQuality "1"]

1. d4 c5 2. d5 e6 3. c4 exd5 4. cxd5 d6 5. Nc3 a6 6. a4 g6 7. e4 Bg7 8. Be2 Nd7 9. Nf3 Qc7 10. Bf4 Qb8 11. 0-0 Ne7 12. Nd2 Ne5 13. Bg3 g5 14. a5 Qc7 15. Na4 N7g6 16. Nb6 Rb8 17. Rc1 Qd8 18. b4 cxb4 19. Qa4+ Bd7 20. Qxb4 Ke7 21. Ndc4 Be8 22. Nxd6 Kf6 23. Nf5 Bf8 24. d6 Nf4 25. Bxf4 gxf4 26. Qd4 Bc6 27. Nc4 Qe8 28. d7 Bxd7 29. Nxe5 Qxe5 30. Qxd7 Qxe4 31. Bd3 Qe6 32. Qc7 Qe5 33. Qxe5+ Kxe5 34. Rfe1+ Kf6 35. Rb1 Bc5 36. Rec1 Rbc8 37. Nh4 Rhd8 38. Rd1 Rc7 39. g3 Rd4 40. Bxh7 Ra4 41. Ra1 Rb4 42. Rdb1 Rc4 43. Nf3 Kg7 44. Bf5 fxg3 45. hxg3 Kf6 46. Bd3 Rg4 47. Kg2 Rd7 48. Rb3 Rb4 49. Rc3 Be7 50. Ra2 Bd8 51. Nd2 Rd5 52. Rc4 Rxc4 53. Bxc4 Rxa5 54. Rxa5 Bxa5 55. Ne4+ Ke7 56. Nc5 Bb6 57. Nd3 Bd4 58. Kf3 b5 59. Bb3 f5 60. Nb4 Kd6 61. Nxa6 Bc3 62. Bc2 b4 63. Bxf5 b3 64. Be4 b2 65. Ke2 Ba5 66. Kd1 Ke5 67. f3 Kd4 68. Kc2 Kc4 69. Kxb2 Kb5 70. Bd3+ 1-0

[Event "Sao Paulo zt"]
[Site "Sao Paulo"]
[Date "1993.??.??"]
[Round "5"]
[White "Trindade, Sandro Heleno"]
[Black "Braga, Cicero Nogueira"]
[Result "1/2-1/2"]
[WhiteElo "2315"]
[BlackElo "2370"]
[PlyCount "90"]
[EventDate "1993.??.??"]
[EventType "swiss"]
[EventRounds "9"]
[EventCountry "BRA"]
[SourceTitle "CBM 036"]
[Source "ChessBase"]
[SourceDate "1993.10.01"]
[SourceVersion "1"]
[SourceVersionDate "1993.10.01"]
[SourceQuality "1"]

1. e4 e5 2. Nf3 Nc6 3. Bb5 g6 4. 0-0 Bg7 5. c3 Nge7 6. d4 exd4 7. cxd4 d5 8. exd5 Nxd5 9. Re1+ Be6 10. Ng5 Qd6 11. Nc3 0-0 12. Nxe6 fxe6 13. Be3 Qb4 14. Nxd5 exd5 15. Bxc6 bxc6 16. Re2 Rab8 17. Rc1 Rb6 18. Rc5 Ra6 19. a3 Qb8 20. Bg5 Rb6 21. Rcc2 Qc8 22. Be7 Rf4 23. Bc5 Rb8 24. Bxa7 Ra8 25. Bc5 Qf5 26. Rcd2 h5 27. Rd3 g5 28. Rde3 h4 29. Re8+ Rxe8 30. Rxe8+ Kh7 31. Qh5+ Bh6 32. Re7+ Kg8 33. Re8+ Kh7 34. Re7+ Kg8 35. Qe8+ Bf8 36. Re5 Qb1+ 37. Re1 Qc2 38. Re6 Kh7 39. Re2 Qb1+ 40. Re1 Qxb2 41. Re2 Qc1+ 42. Re1 Qc2 43. Re2 Qc1+ 44. Re1 Qc2 45. Re2 Qc1+ 1/2-1/2

[Event "Sao Paulo zt"]
[Site "Sao Paulo"]
[Date "1993.??.??"]
[Round "3"]
[White "Van Riemsdijk, Herman Claudius"]
[Black "Trindade, Sandro Heleno"]
[Result "1-0"]
[WhiteElo "2400"]
[BlackElo "2315"]
[PlyCount "89"]
[EventDate "1993.??.??"]
[EventType "swiss"]
[EventRounds "9"]
[EventCountry "BRA"]
[SourceTitle "CBM 036"]
[Source "ChessBase"]
[SourceDate "1993.10.01"]
[SourceVersion "1"]
[SourceVersionDate "1993.10.01"]
[SourceQuality "1"]

1. e4 c5 2. Nf3 d6 3. Bb5+ Nc6 4. 0-0 Qb6 5. Nc3 Bg4 6. a4 a6 7. a5 Qd8 8. Ba4 Nf6 9. Re1 Nd7 10. h3 Bxf3 11. Qxf3 e6 12. Bxc6 bxc6 13. Qg3 g6 14. d3 Rb8 15. Ra2 Be7 16. Bh6 Rg8 17. Rf1 f5 18. exf5 exf5 19. Re1 Ne5 20. Bf4 Nf7 21. Na4 g5 22. Nb6 Rg6 23. Bd2 f4 24. Qf3 d5 25. Qh5 Rh6 26. Qg4 Qc7 27. Raa1 Rd8 28. Re2 Kf8 29. Rae1 Bf6 30. Bc3 d4 31. Bd2 Kg7 32. Re6 Rg6 33. Nc4 Nh6 34. Qf3 Rd5 35. Qe4 Nf7 36. Nb6 Rd6 37. Qf5 Nh6 38. Qxc5 Rxe6 39. Rxe6 g4 40. Rxc6 Qd8 41. Rc8 Rg5 42. Qxg5+ Bxg5 43. Rxd8 Bxd8 44. Bxf4 gxh3 45. Bxh6+ 1-0

[Event "BRA-ch"]
[Site "Curitiba"]
[Date "1992.12.??"]
[Round "1"]
[White "Disconzi da Silva, Rodrigo"]
[Black "Trindade, Sandro Heleno"]
[Result "0-1"]
[WhiteElo "2280"]
[BlackElo "2305"]
[PlyCount "76"]
[EventDate "1992.??.??"]
[EventType "tourn"]
[EventRounds "11"]
[EventCountry "BRA"]
[SourceTitle "EXT 2000"]
[Source "ChessBase"]
[SourceDate "1999.11.16"]
[SourceVersion "1"]
[SourceVersionDate "1999.11.16"]
[SourceQuality "1"]

1. d4 c5 2. d5 e6 3. c4 exd5 4. cxd5 d6 5. Nc3 a6 6. a4 g6 7. Nf3 Nd7 8. e4 Bg7 9. Bd3 Ne7 10. Bf4 Qc7 11. 0-0 0-0 12. Re1 h6 13. h3 g5 14. Bh2 Ng6 15. Nd2 Nde5 16. Bc2 Qe7 17. f3 Nf4 18. Nf1 Nc4 19. Qc1 Bd4+ 20. Kh1 Qf6 21. e5 Bxe5 22. Ne4 Qg7 23. b3 f5 24. bxc4 fxe4 25. Bxe4 Bxa1 26. Qxa1 Qxa1 27. Rxa1 Bd7 28. a5 b5 29. axb6 Rfb8 30. Rb1 a5 31. Ne3 a4 32. Bf5 Bxf5 33. Nxf5 a3 34. Nxd6 Rxb6 35. Nb5 a2 36. Ra1 Nxd5 37. Bg1 Nb4 38. Bxc5 Rxb5 0-1

[Event "BRA-ch"]
[Site "Curitiba"]
[Date "1992.12.??"]
[Round "11"]
[White "Trindade, Sandro Heleno"]
[Black "Lima, Darcy Gustavo Macha"]
[Result "1/2-1/2"]
[WhiteElo "2305"]
[BlackElo "2440"]
[PlyCount "44"]
[EventDate "1992.??.??"]
[EventType "tourn"]
[EventRounds "11"]
[EventCountry "BRA"]
[SourceTitle "EXT 2000"]
[Source "ChessBase"]
[SourceDate "1999.11.16"]
[SourceVersion "1"]
[SourceVersionDate "1999.11.16"]
[SourceQuality "1"]

1. e4 e5 2. Nf3 Nf6 3. Nxe5 d6 4. Nf3 Nxe4 5. d4 d5 6. Bd3 Nc6 7. 0-0 Bg4 8. Re1 Be7 9. c3 f5 10. Qb3 Qd6 11. Nbd2 0-0-0 12. Bb5 Bf6 13. a4 Rhe8 14. Qc2 Kb8 15. b3 Re6 16. a5 a6 17. Bd3 Rde8 18. Rf1 Bd8 19. Ba3 Qf4 20. Bc1 Qd6 21. Ba3 Qf4 22. Bc1 Qd6 1/2-1/2

[Event "BRA-ch"]
[Site "Curitiba"]
[Date "1992.12.??"]
[Round "8"]
[White "Tsuboi, Edson Kenji"]
[Black "Trindade, Sandro Heleno"]
[Result "0-1"]
[WhiteElo "2335"]
[BlackElo "2305"]
[PlyCount "60"]
[EventDate "1992.??.??"]
[EventType "tourn"]
[EventRounds "11"]
[EventCountry "BRA"]
[SourceTitle "EXT 2000"]
[Source "ChessBase"]
[SourceDate "1999.11.16"]
[SourceVersion "1"]
[SourceVersionDate "1999.11.16"]
[SourceQuality "1"]

1. e4 c5 2. Nf3 d6 3. d4 cxd4 4. Nxd4 Nf6 5. Nc3 a6 6. f4 Qc7 7. Bd3 e6 8. 0-0 b5 9. a3 Bb7 10. Nf3 Nbd7 11. Qe2 e5 12. Kh1 g6 13. a4 b4 14. Nd5 Nxd5 15. exd5 Bg7 16. fxe5 dxe5 17. Bd2 a5 18. c3 b3 19. Bc4 0-0 20. Bxb3 Ba6 21. c4 Rab8 22. Ra3 Nc5 23. Bc2 e4 24. Ng5 Rxb2 25. Bc1 Rb4 26. Rh3 Bxc4 27. Qf2 Bxf1 28. Rxh7 e3 29. Bxe3 Nd3 30. Qxf1 Qxc2 0-1

[Event "BRA-ch"]
[Site "Curitiba"]
[Date "1992.12.??"]
[Round "5"]
[White "Van Riemsdijk, Herman Claudius"]
[Black "Trindade, Sandro Heleno"]
[Result "0-1"]
[WhiteElo "2440"]
[BlackElo "2305"]
[PlyCount "66"]
[EventDate "1992.??.??"]
[EventType "tourn"]
[EventRounds "11"]
[EventCountry "BRA"]
[SourceTitle "EXT 2000"]
[Source "ChessBase"]
[SourceDate "1999.11.16"]
[SourceVersion "1"]
[SourceVersionDate "1999.11.16"]
[SourceQuality "1"]

1. b3 c5 2. Bb2 Nc6 3. g3 d5 4. Nf3 f6 5. Bg2 e5 6. 0-0 Be6 7. d3 Bd6 8. Nbd2 Nge7 9. c4 0-0 10. Rc1 b6 11. cxd5 Nxd5 12. Ne4 Be7 13. Qd2 Qd7 14. Nc3 Ndb4 15. Rfd1 Rad8 16. Ba1 Rf7 17. Qb2 Bf8 18. Ne4 Qe8 19. Rd2 Nd4 20. Nxd4 exd4 21. Rdd1 a5 22. Nd2 Re7 23. Re1 Bg4 24. Ne4 f5 25. a3 fxe4 26. axb4 exd3 27. bxa5 Rxe2 28. Rxe2 dxe2 29. Qd2 bxa5 30. Qxa5 d3 31. Bc3 Be6 32. Be4 Bxb3 33. Bd2 Qxe4 0-1

[Event "WchT U26 08th"]
[Site "Maringa"]
[Date "1991.09.06"]
[Round "6"]
[White "Trindade, Sandro Heleno"]
[Black "Wolff, Patrick G"]
[Result "0-1"]
[WhiteElo "2325"]
[BlackElo "2545"]
[PlyCount "72"]
[EventDate "1991.09.01"]
[EventType "team-swiss"]
[EventRounds "9"]
[EventCountry "BRA"]
[SourceTitle "EXT 2020"]
[Source "ChessBase"]
[SourceDate "2019.10.17"]
[SourceVersion "1"]
[SourceVersionDate "2019.10.17"]
[SourceQuality "1"]
[WhiteTeam "Brazil II"]
[BlackTeam "United States"]
[WhiteTeamCountry "BRA"]
[BlackTeamCountry "USA"]

1. e4 c5 2. Nc3 Nc6 3. g3 g6 4. Bg2 Bg7 5. d3 d6 6. f4 Rb8 7. Nh3 b5 8. a3 e6 9. 0-0 Nge7 10. Be3 Nd4 11. Rb1 a5 12. Ne2 b4 13. axb4 axb4 14. g4 h5 15. gxh5 Nxe2+ 16. Qxe2 Rxh5 17. Ng5 Nc6 18. Nf3 Qe7 19. Qf2 e5 20. Qg3 Nd4 21. Nxd4 cxd4 22. Bd2 Bh6 23. b3 Rh4 24. f5 Bxd2 25. f6 Rg4 26. fxe7 Be3+ 27. Kh1 Rxg3 28. hxg3 Kxe7 29. Ra1 Bd7 30. Ra7 Rh8+ 31. Bh3 Rxh3+ 32. Kg2 Rh8 33. Rfa1 Rc8 34. R1a2 f5 35. Rb7 fxe4 36. Raa7 Rxc2+ 0-1